Châu bản triều Nguyễn về Hà Nội
Khái quát về tổ chức bộ máy hành chính, an ninh - trật tự, thời tiết, mùa mùa màng, tu bổ quản lý đê điều, giá cả các mặt hàng thiết yếu và việc sản xuất, mua bán hàng hoá phục vụ triều đình và nhân dân trên địa bàn Hà Nội...cuối thê...
Saved in:
| Main Author: | |
|---|---|
| Format: | Book |
| Language: | Undetermined |
| Published: |
Hà Nội
Nxb. Hà Nội
2019
|
| Subjects: | |
| Tags: |
Add Tag
No Tags, Be the first to tag this record!
|
| Institutions: | Trung tâm Học liệu Trường Đại học Cần Thơ |
|---|
| LEADER | 01010nam a2200205Ia 4500 | ||
|---|---|---|---|
| 001 | CTU_239873 | ||
| 008 | 210402s9999 xx 000 0 und d | ||
| 082 | |a 959.731 | ||
| 082 | |b D305 | ||
| 100 | |a Đào, Thị Diến | ||
| 245 | 0 | |a Châu bản triều Nguyễn về Hà Nội | |
| 245 | 0 | |c Đào Thị Diến (Chủ biên) | |
| 260 | |a Hà Nội | ||
| 260 | |b Nxb. Hà Nội | ||
| 260 | |c 2019 | ||
| 520 | |a Khái quát về tổ chức bộ máy hành chính, an ninh - trật tự, thời tiết, mùa mùa màng, tu bổ quản lý đê điều, giá cả các mặt hàng thiết yếu và việc sản xuất, mua bán hàng hoá phục vụ triều đình và nhân dân trên địa bàn Hà Nội...cuối thế kỷ XIX và nửa đầu thế kỷ XX | ||
| 650 | |a Việt Nam,Vietnam | ||
| 650 | |x Lịch sử,History | ||
| 910 | |b nthai | ||
| 980 | |a Trung tâm Học liệu Trường Đại học Cần Thơ | ||